000 00296nam a22001337a 4500
008 181023b xxu||||| |||| 00| 0 eng d
020 _a9781455774548
041 _aeng
080 _a616.31
100 _a5
101 _aSTO
245 _aModern Dental Assisting
_cRobinson, B
942 _2udc
_cBK
999 _c50640
_d50640